El hombre medieval / ed. de jacques le goff :
Guardado en:
| Otros Autores: | , , |
|---|---|
| Formato: | Libro |
| Publicado: |
Madrid :
Alianza,
1995
|
| Materias: | |
| Etiquetas: |
Agregar Etiqueta
Sin Etiquetas, Sea el primero en etiquetar este registro!
|
| LEADER | 00618nam a22002055a 4500 | ||
|---|---|---|---|
| 001 | EHU.bham044481 | ||
| 003 | AR-BHAM | ||
| 005 | 20161214105604.0 | ||
| 008 | 130507s1995##################000#0#####d | ||
| 020 | |a 8420696102 | ||
| 082 | 9 | 4 | |a 940.1 |
| 245 | 0 | 0 | |a El hombre medieval / |b ed. de jacques le goff : |c F. Cardini ... [et Al.] : |
| 260 | |a Madrid : |b Alianza, |c 1995 | ||
| 300 | |a 388 p. | ||
| 653 | |a Edad media | ||
| 653 | |a Cultura medieval | ||
| 700 | 1 | |a Cardini, F. | |
| 700 | 1 | |a Le Goff, Jacques, ed. | |
| 700 | 1 | |a Martínez Mesanza, Julio, trad. | |
| 859 | |a AR-BHAM |b BIB. HUMANIDADES - General |h 940.1 |i L525-7 |p 739.16 |t Ej.1 | ||
